Goya then and now : (Record no. 20379)
[ view plain ]
| 000 -LEADER | |
|---|---|
| fixed length control field | 01222pam a2200337 a 4500 |
| 001 - CONTROL NUMBER | |
| control field | 1844050 |
| 003 - CONTROL NUMBER IDENTIFIER | |
| control field | OSt |
| 005 - DATE AND TIME OF LATEST TRANSACTION | |
| control field | 20170119090817.0 |
| 008 - FIXED-LENGTH DATA ELEMENTS--GENERAL INFORMATION | |
| fixed length control field | 810508s1981 nyua b 001 0 eng |
| 010 ## - LIBRARY OF CONGRESS CONTROL NUMBER | |
| LC control number | 81047299 |
| 020 ## - INTERNATIONAL STANDARD BOOK NUMBER | |
| International Standard Book Number | 0151367124 |
| 040 ## - CATALOGING SOURCE | |
| Original cataloging agency | DLC |
| Transcribing agency | DLC |
| Modifying agency | DLC |
| 041 1# - LANGUAGE CODE | |
| Language code of text/sound track or separate title | engger |
| 050 00 - LIBRARY OF CONGRESS CALL NUMBER | |
| Classification number | ND813.G7 |
| Item number | B6713 1981 |
| 082 00 - DEWEY DECIMAL CLASSIFICATION NUMBER | |
| Classification number | 759.6 |
| Edition number | 19 |
| 100 2# - MAIN ENTRY--PERSONAL NAME | |
| Personal name | Bihalji-Merin, Oto, |
| Dates associated with a name | 1904- |
| 240 10 - UNIFORM TITLE | |
| Uniform title | <a href="Goya und wir.">Goya und wir.</a> |
| Language of a work | English |
| 245 10 - TITLE STATEMENT | |
| Title | Goya then and now : |
| Remainder of title | paintings, portraits, frescoes / |
| Statement of responsibility, etc. | photographs and layout by Max Seidel ; introduction layout and text by Oto Bihalji-Merin ; translated by John E. Woods. |
| 250 ## - EDITION STATEMENT | |
| Edition statement | 1st ed. |
| 260 ## - PUBLICATION, DISTRIBUTION, ETC. (IMPRINT) | |
| Place of publication, distribution, etc. | New York : |
| Name of publisher, distributor, etc. | Harcourt Brace Jovanovich, |
| Date of publication, distribution, etc. | c1981. |
| 300 ## - PHYSICAL DESCRIPTION | |
| Extent | 306 p. : |
| Other physical details | ill. (some col.) ; |
| Dimensions | 31 cm. |
| 500 ## - GENERAL NOTE | |
| General note | "A Helen and Kurt Wolff book." |
| 500 ## - GENERAL NOTE | |
| General note | Translation of: Goya und wir. |
| 500 ## - GENERAL NOTE | |
| General note | Includes index. |
| 504 ## - BIBLIOGRAPHY, ETC. NOTE | |
| Bibliography, etc | Bibliography: p. 303. |
| 600 10 - SUBJECT ADDED ENTRY--PERSONAL NAME | |
| Personal name | Goya, Francisco, |
| Dates associated with a name | 1746-1828. |
| 700 1# - ADDED ENTRY--PERSONAL NAME | |
| Personal name | Goya, Francisco, |
| Dates associated with a name | 1746-1828. |
| 700 1# - ADDED ENTRY--PERSONAL NAME | |
| Personal name | Seidel, Max, |
| Dates associated with a name | 1904- |
| 906 ## - LOCAL DATA ELEMENT F, LDF (RLIN) | |
| a | 7 |
| b | cbc |
| c | orignew |
| d | 1 |
| e | ocip |
| f | 19 |
| g | y-gencatlg |
| 942 ## - ADDED ENTRY ELEMENTS (KOHA) | |
| Source of classification or shelving scheme | |
| Koha item type | Hard Covered Materials |
| Classification part | ND 813 .G7B6713 1981 |
| Withdrawn status | Lost status | Source of classification or shelving scheme | Damaged status | Not for loan | Home library | Current library | Shelving location | Date acquired | Source of acquisition | Total Checkouts | Full call number | Barcode | Date last seen | Price effective from | Koha item type |
|---|---|---|---|---|---|---|---|---|---|---|---|---|---|---|---|
| MACHAKOS UNIVERSITY LIBRARY | MACHAKOS UNIVERSITY LIBRARY | Technical section | 19/01/2017 | Donation (BFA). | ND 813 .G7B6713 1981 | 30904 | 08/06/2018 | 19/01/2017 | Hard Covered Materials |